LEADER 02392nam 2200613 a 450 001 9910785809703321 005 20230227232515.0 010 $a3-11-135217-X 024 7 $a10.1515/9783111352176 035 $a(CKB)2670000000255873 035 $a(EBL)3040892 035 $a(SSID)ssj0000594891 035 $a(PQKBManifestationID)11414704 035 $a(PQKBTitleCode)TC0000594891 035 $a(PQKBWorkID)10551006 035 $a(PQKB)10803079 035 $a(MiAaPQ)EBC3040892 035 $a(WaSeSS)Ind00009610 035 $a(DE-B1597)64145 035 $a(OCoLC)873017540 035 $a(OCoLC)979874063 035 $a(DE-B1597)9783111352176 035 $a(Au-PeEL)EBL3040892 035 $a(CaPaEBR)ebr10590785 035 $a(EXLCZ)992670000000255873 100 $a20770708e19762011 uy 0 101 0 $aeng 135 $aurnn#---|u||u 181 $ctxt$2rdacontent 182 $cc$2rdamedia 183 $acr$2rdacarrier 200 10$aCohesion in literary texts $ea study of some grammatical and lexical features of English discourse /$fWaldemar Gutwinski 205 $aReprint 2011 210 1$aThe Hague :$cMouton,$d1976. 215 $a1 online resource (183 pages) 225 0 $aJanua Linguarum. Series Minor ;$v204 311 0 $a90-279-3413-4 320 $aIncludes bibliography (p. [167]-174) and index. 327 $tFront matter --$tCOPYRIGHT ACKNOWLEDGEMENTS --$tPREFACE --$tLIST OF FIGURES AND TABLES --$t1 INTRODUCTION --$t2 THEORETICAL BASIS FOR THE STUDY OF COHESION --$t3 DESCRIPTIVE FRAMEWORK FOR THE STUDY OF COHESION --$t4 COHESION IN JAMES --$t5 COHESION IN HEMINGWAY --$t6 IMPLICATIONS AND CONCLUSIONS --$tAPPENDIX I TEXT OF THE FOURTH PARAGRAPH IN CHAPTER XLII OF JAMES' THE PORTRAIT OF A LADY --$tAPPENDIX II TEXT OF THE PASSAGE STUDIED FROM HEMINGWAY'S "BIG TWO-HEARTED RIVER": PART I. --$tBIBLIOGRAPHY --$tINDEX 410 0$aJanua linguarum.$pSeries minor ;$v204. 606 $aEnglish language$xDiscourse analysis 606 $aCohesion (Linguistics) 615 0$aEnglish language$xDiscourse analysis. 615 0$aCohesion (Linguistics) 676 $a415 686 $aET 760$2rvk 700 $aGutwinski$b Waldemar$01551009 801 0$bMiAaPQ 801 1$bMiAaPQ 801 2$bMiAaPQ 906 $aBOOK 912 $a9910785809703321 996 $aCohesion in literary texts$93810289 997 $aUNINA LEADER 01894oam 2200517zu 450 001 9910164710903321 005 20230213212148.0 010 $a0-8031-4916-6 035 $a(CKB)3170000000045249 035 $a(SSID)ssj0001184241 035 $a(PQKBManifestationID)11676050 035 $a(PQKBTitleCode)TC0001184241 035 $a(PQKBWorkID)11191092 035 $a(PQKB)11604540 035 $a(EXLCZ)993170000000045249 100 $a20160829h19841984 uy 0 101 0 $aeng 181 $ctxt$2rdacontent 182 $cc$2rdamedia 183 $acr$2rdacarrier 200 00$aHazardous and industrial waste management and testing $ethird symposium /$feditors, Larry P. Jackson, Alan R. Rohlik, Richard A. Conway 210 31$aPhiladelphia :$cASTM,$d1984 210 4$aŠ1984 225 0 $aASTM special technical publication Hazardous and industrial waste management and testing 300 $aBibliographic Level Mode of Issuance: Monograph 311 $a0-8031-0405-7 517 3 $aHazardous & Industrial Waste Management and Testing 606 $aHazardous wastes$vCongresses 606 $aFactory and trade waste$vCongresses 606 $aHazardous wastes$xTesting$vCongresses 606 $aFactory and trade waste$xTesting$vCongresses 615 0$aHazardous wastes 615 0$aFactory and trade waste 615 0$aHazardous wastes$xTesting 615 0$aFactory and trade waste$xTesting 676 $a628.4/456/0287 702 $aRohlik$b Alan R. 702 $aJackson$b Larry P. 702 $aConway$b Richard A. 712 02$aASTM Committee D-34 on Waste Disposal. 712 12$aInternational Symposium on Industrial and Hazardous Solid Wastes$d(3rd :$f1983 :$ePhiladelphia, Pa.) 801 0$bPQKB 906 $aBOOK 912 $a9910164710903321 996 $aHazardous and industrial waste management and testing$93006762 997 $aUNINA